书目信息 |
| 题名: |
政府经济学基础
|
|
| 作者: | 徐德信 , 后小仙 , 张庆满 编著 | |
| 分册: | ||
| 出版信息: | 北京 北京大学出版社 2005 |
|
| 页数: | 221页 | |
| 开本: | 26cm | |
| 丛书名: | ||
| 单 册: | ||
| 中图分类: | F062.6 | |
| 科图分类: | ||
| 主题词: | 政府经济学 | |
| 电子资源: | ||
| ISBN: | 7-301-08936-8 | |
| 000 | 01089nam0 2200277 450 | |
| 001 | 012007663361 | |
| 005 | 20070517113048.65 | |
| 010 | @a7-301-08936-8@dCNY24.00 | |
| 100 | @a20050917d2005 km y0chiy0120 ea | |
| 101 | 0 | @achi |
| 102 | @aCN@b110000 | |
| 105 | @aa z 000yy | |
| 106 | @ar | |
| 200 | 1 | @a政府经济学基础@Azheng fu jing ji xue ji chu@f徐德信,后小仙,张庆满编著@Fxu de xin,hou xiao xian,zhang qing man bian zhu |
| 210 | @a北京@c北京大学出版社@d2005 | |
| 215 | @a221页@c图@d26cm | |
| 300 | @a面向21世纪电子政务专业核心课程系列教材 | |
| 330 | @a本书作为政府经济学的导论,它具有明显的基础性、可读性、前沿性。所谓基础性是指介绍政府经济学的基本知识,既包括政府行为的经济分析,又介绍公共财政的主要内容;所谓可读性体现在,每章都有案例引出该章内容,各章配有阅读建议,行文尽量通俗易懂。 | |
| 510 | 1 | @aEssentials of government economics@zeng |
| 606 | 0 | @a政府经济学 |
| 690 | @aF062.6@v4 | |
| 701 | 0 | @a徐德信@Axu de xin@4编著 |
| 701 | 0 | @a后小仙@Ahou xiao xian@4编著 |
| 701 | 0 | @a张庆满@Azhang qing man@4编著 |
| 801 | 0 | @aCN@bRULIN@c20070517 |
| 905 | @dF062.6@e62@s8 | |
| 政府经济学基础/徐德信,后小仙,张庆满编著.-北京:北京大学出版社,2005 |
| 221页:图;26cm |
| 面向21世纪电子政务专业核心课程系列教材 |
| ISBN 7-301-08936-8:CNY24.00 |
| 本书作为政府经济学的导论,它具有明显的基础性、可读性、前沿性。所谓基础性是指介绍政府经济学的基本知识,既包括政府行为的经济分析,又介绍公共财政的主要内容;所谓可读性体现在,每章都有案例引出该章内容,各章配有阅读建议,行文尽量通俗易懂。 |
| ● |
| 相关链接 |
|
|
|
|
正题名:政府经济学基础
索取号:F062.6/62
 
预约/预借
| 序号 | 登录号 | 条形码 | 馆藏地/架位号 | 状态 | 备注 |
| 1 | 0578755 | 205787558 | 第一样本阅览室/ [索取号:F062.6/62] | 在馆 | |
| 2 | 0578756 | 205787567 | 第一借阅区/ [索取号:F062.6/62] | 在馆 | |
| 3 | 0578757 | 205787576 | 密集书库/ [索取号:F062.6/62] | 在馆 | |
| 4 | 0578758 | 205787585 | 密集书库/ [索取号:F062.6/62] | 在馆 | |
| 5 | 0578759 | 205787594 | 第一借阅区/ [索取号:F062.6/62] | 在馆 | |
| 6 | 0578760 | 205787601 | 密集书库/ [索取号:F062.6/62] | 在馆 | |
| 7 | 0578761 | 205787610 | 第一借阅区/ [索取号:F062.6/62] | 在馆 | |
| 8 | 0578762 | 205787629 | 第一借阅区/ [索取号:F062.6/62] | 在馆 |